000
00324nam a2200121 a 4500
005
20140414132016.0
008
110314s19uu xx 00 eng d
050
_a
TR
_b
SI1 2001
100
_a
Brown, Marc
245
_a
Sir Arthur to the rescue.
260
_a
Maitland, Florida :
_b
Advance Publishers,
_c
2001.
999
_c
113360
_d
113360